00714nam a22001337a 4500999001500000003000400015008004100019245004600060250009800106260006100204650004600265942001200311952025700323 c9956d9956OSt201217b ||||| |||| 00| 0 eng d aThe Indian Journal of Technical Education a2003(Jan-Mar Vol.26 No.1, Apr-Jun Vol.26 No.2, Jul-Sep Vol.26 No.3) 2004(Jan-Mar Vol.27 No.1) aNew DelhibISTE - Indian Society for Technical Education aElectronics and Communication Engineering 2ddccBV 00102ddc3Bound Volume40718BTECHECEaPIETbPIETd2020-12-17eISTE - Indian Society for Technical Educationh2003(Jan-Mar Vol.26 No.1, Apr-Jun Vol.26 No.2, Jul-Sep Vol.26 No.3) 2004(Jan-Mar Vol.27 No.1)l0pBV694r2020-12-17 00:00:00w2020-12-17yBV